|
|
|
|
| LEADER |
00000nam0a2200000 4500 |
| 001 |
213107 |
| 005 |
20231101225811.0 |
| 035 |
|
|
|a (RuTPU)RU\TPU\book\232871
|
| 090 |
|
|
|a 213107
|
| 100 |
|
|
|a 20120406d1984 m y0rusy50 ca
|
| 101 |
0 |
|
|a rus
|
| 102 |
|
|
|a RU
|
| 105 |
|
|
|a y g 000zd
|
| 200 |
1 |
|
|a Всесоюзное палеонтологическое общество
|e справочник
|f сост. Л. М. Донакова, Н. С. Громова , Н. В. Кручинина , М. В. Куликов , Л. В. Миронова , Е. А. Модзалевская , Е. И. Титова , А. Н. Олейников , отв. ред. акад. Б. С. Соколов , Л. В. Миронова
|
| 210 |
|
|
|a Ленинград
|c Наука
|d 1984
|
| 215 |
|
|
|a 260 с.
|
| 610 |
1 |
|
|a палеонтология
|
| 610 |
1 |
|
|a персоналии
|
| 675 |
|
|
|a 56(08)
|v 3
|
| 702 |
|
1 |
|a Донакова
|b Л. М.
|4 220
|
| 702 |
|
1 |
|a Громова
|b Н. С.
|4 220
|
| 702 |
|
1 |
|a Кручинина
|b Н. В.
|4 220
|
| 702 |
|
1 |
|a Куликов
|b М. В.
|4 220
|
| 702 |
|
1 |
|a Миронова
|b Л. В.
|4 220
|
| 702 |
|
1 |
|a Модзалевская
|b Е. А.
|4 220
|
| 702 |
|
1 |
|a Титова
|b Е. И.
|4 220
|
| 702 |
|
1 |
|a Олейников
|b А. Н.
|4 220
|
| 702 |
|
1 |
|a Соколов
|b Б. С.
|c российский геолог
|f 1914-
|g Борис Сергеевич
|2 stltpush
|3 (RuTPU)RU\TPU\pers\13248
|4 340
|9 3921
|
| 702 |
|
1 |
|a Миронова
|b Л. В.
|4 340
|
| 801 |
|
1 |
|a RU
|b 63413507
|c 20120406
|
| 801 |
|
2 |
|a RU
|b 63413507
|c 20120406
|g RCR
|
| 942 |
|
|
|c BK
|